Frühchristlich-byzantinische Sammlung : 74 Abbildungen.

محفوظ في:

مؤلف مشترك: Kaiser-Friedrich-Museums-Verein

التنسيق: كتاب

اللغة: German

الموضوعات:

الوسوم: إضافة وسم

لا توجد وسوم, كن أول من يضع وسما على هذه التسجيلة!

رقم الطلب: N2232 .A64 1938

LEADER 00733namaa2200217 4500
001 21606
003 OSt
005 20210913111427.0
008 130303s1938 gw a g 000 0 ger d
952 |0 0  |1 0  |2 lcc  |4 0  |6 N2232 A64 01938  |7 1  |9 18715  |a ARCE  |b ARCE  |d 2021-09-13  |l 0  |o N2232 .A64 1938  |r 2021-09-13 00:00:00  |w 2021-09-13  |y BK 
999 |c 21840  |d 21840 
040 |c ARCE Library 
050 0 4 |a N2232 .A64 1938 
110 2 |a Kaiser-Friedrich-Museums-Verein, 
245 1 0 |a Frühchristlich-byzantinische Sammlung :  |b 74 Abbildungen. 
264 1 |a Berlin :  |b [H. Heenemann],  |c 1938. 
300 |a 80 pages :  |b illustrations (some color) ;  |c 21 cm. 
650 0 |a Art, Byzantine. 
650 0 |a Christian art and symbolism. 
901 |a reviewed 
942 |c BK  |2 lcc